Yemen... or Oman? - Statistics

General Stats
  • This quiz has been taken 756 times
    534 since last reset
  • The average score is 9 of 15
Answer Stats
Question Answer % Correct
Is called "al-Jumhūrīyah al-Yamanīyah" in its home language Yemen
93%
Is an absolute monarchy Oman
83%
Holds part of the Arabian desert Both
78%
Is part of the Arab League Both
74%
Is the larger of the two Yemen
72%
Has the lower average elevation Oman
67%
Has the higher fertility rate of the two Yemen
67%
It’s capital city is located on the shore Oman
60%
Has exclaves Oman
57%
Has a national animal Both
53%
Has a population density under 15 people per square kilometer Oman
48%
Is a theocracy Yemen
40%
A river flows through its largest city Oman
38%
Received its independence in the 1960s Both
34%
Is the older country of the two Oman
33%
No matching quizzes found
Score Distribution
Percent of People with Each Score
Percentile by Number Answered
Your Score History
You have not taken this quiz since the last reset